JetPunk Countries of the World - Extreme Sudden Death (Part 1) - Statistics

General Stats
  • This quiz has been taken 44 times
  • The average score is 69 of 98
Answers on the Grid
Answers color-coded by a green-red scale on the quiz's grid according to % correct below.
Aegea
Afghanistan
Alaska
Algeria
Amazonas
Anatolia
Andalusia
Andaman and Nicobar Islands
Antarctica
Antigua and Barbuda
Aquitaine
Argentina
Armenia
Aruba
Assam
Atlantis
Australia
Azerbaijan
Bahamas
Bali
Baluchistan
Bangladesh
Barbados
Bavaria
Benelux
Bermuda
Bhutan
Biscay
Bohemia
Bolivia
Borneo
Bosnia and Herzegovina
Botswana
Cambodia
Cameroon
Canary Islands
Caribbean
Carpathia
Cascadia
Caucasus
Cayman Islands
Chad
Colombia
Cornwall
Corsica
Costa Rica
Crete
Crimea
Croatia
Cyprus
Dalmatia
Danube
Dominica
Dominican Republic
Dubai
East Timor
Ecuador
El Salvador
Equatorial Guinea
Estonia
Ethiopia
Falkland Islands
Finland
Flanders
Florida
Gabon
Galapagos
Galicia
Georgia
Grenada
Guam
Guinea-Bissau
Gujarat
Guyana
Hainan
Hawaii
Hispaniola
Hokkaido
Hong Kong
Iberia
Iceland
India
Ireland
Israel
Italy
Jamaica
Jersey
Kaliningrad
Karelia
Kashmir
Kazakhstan
Kilimanjaro
Kiribati
Laos
Lapland
Lesotho
Levant
Libya
Lithuania
Lorraine
Lutetia
Luzon
Macau
Madagascar
Malawi
Malta
Manchuria
Marshall Islands
Melanesia
Micronesia
Moldova
Monaco
Mongolia
Montenegro
Montserrat
Morocco
Mozambique
Myanmar
Namibia
Nazca
Nepal
Netherlands
New Caledonia
New England
New Zealand
Newfoundland
Niger
Nile
Niue
Normandy
North Africa
Ossetia
Palau
Papua New Guinea
Patagonia
Peru
Philippines
Pitcairn Islands
Poland
Polynesia
Puerto Rico
Punjab
Qatar
Quebec
Republic of the Congo
Reunion
Rhine
Romania
Russia
Sahara
Sahel
Samoa
Sao Tome and Principe
Sardinia
Saxony
Scandinavia
Siberia
Sicily
Sikhim
Sinai
Singapore
Slovakia
Slovenia
Somalia
South Korea
South Sudan
Spain
Sri Lanka
St. Lucia
St. Pierre and Miquelon
Sumer
Suriname
Svalbard
Sweden
Switzerland
Taiwan
Tajikistan
Tanzania
Thrace
Tibet
Tonga
Transylvania
Troy
Tunisia
Tuscany
Tuvalu
United States
Vanuatu
Venezuela
Venice
Vietnam
Yakutia
Yemen
Yucatan
Yugoslavia
Zanzibar
 
Answer Stats
Answer % Correct
Armenia
96%
Afghanistan
93%
Australia
93%
Algeria
89%
Antigua and Barbuda
89%
Botswana
89%
Argentina
86%
Azerbaijan
82%
Bangladesh
82%
Croatia
82%
Bahamas
79%
Bosnia and Herzegovina
79%
Cambodia
79%
Cameroon
79%
Chad
79%
Colombia
79%
Cyprus
79%
Dominica
79%
Dominican Republic
79%
East Timor
79%
Ecuador
79%
Ethiopia
79%
Georgia
79%
Barbados
75%
Bolivia
75%
Costa Rica
75%
El Salvador
75%
Equatorial Guinea
75%
Estonia
75%
Finland
75%
Gabon
75%
Grenada
75%
Guinea-Bissau
75%
Bhutan
71%
Guyana
71%
Iceland
71%
Italy
71%
Kiribati
71%
Malawi
71%
Mongolia
71%
Mozambique
71%
Nepal
71%
New Zealand
71%
India
68%
Ireland
68%
Israel
68%
Jamaica
68%
Kazakhstan
68%
Laos
68%
Lesotho
68%
Libya
68%
Lithuania
68%
Madagascar
68%
Malta
68%
Marshall Islands
68%
Moldova
68%
Monaco
68%
Montenegro
68%
Morocco
68%
Palau
68%
Philippines
68%
Micronesia
64%
Namibia
64%
Netherlands
64%
Niger
64%
Republic of the Congo
64%
Russia
64%
Sao Tome and Principe
64%
Singapore
64%
South Korea
64%
St. Lucia
64%
Tajikistan
64%
Tonga
64%
Venezuela
64%
Yemen
64%
Myanmar
61%
Papua New Guinea
61%
Peru
61%
Poland
61%
Qatar
61%
Romania
61%
Samoa
61%
Slovakia
61%
Slovenia
61%
Somalia
61%
South Sudan
61%
Spain
61%
Sri Lanka
61%
Suriname
61%
Sweden
61%
Switzerland
61%
Tanzania
61%
Tunisia
61%
Tuvalu
61%
United States
61%
Vanuatu
61%
Vietnam
61%
Taiwan
57%
No matching quizzes found
Score Distribution
Percent of People with Each Score
Percentile by Number Answered
Your Score History
You have not taken this quiz